<?xml version="1.0" encoding="UTF-8"?>
<record
    xmlns:xsi="http://www.w3.org/2001/XMLSchema-instance"
    xsi:schemaLocation="http://www.loc.gov/MARC21/slim http://www.loc.gov/standards/marcxml/schema/MARC21slim.xsd"
    xmlns="http://www.loc.gov/MARC21/slim">

  <leader>00818nam a2200133Ia 4500</leader>
  <controlfield tag="008">100328s9999    xx            000 0 und d</controlfield>
  <datafield tag="082" ind1=" " ind2=" ">
    <subfield code="b">74837</subfield>
  </datafield>
  <datafield tag="100" ind1=" " ind2=" ">
    <subfield code="a">&#x91A;&#x93E;&#x902;&#x926;&#x94B;&#x930;&#x915;&#x930; &#x928;&#x940;&#x932;&#x93E;-&#x905;&#x928;&#x941;.(&#x92E;&#x942;&#x933; &#x932;&#x947;&#x916;&#x915;-&#x905;&#x932;&#x947;&#x915;&#x94D;&#x91D;&#x93E;&#x902;&#x921;&#x930; &#x92E;&#x945;&#x915;&#x94D;&#x915;&#x93E;&#x932; &#x938;&#x94D;&#x92E;&#x93F;&#x925;).</subfield>
  </datafield>
  <datafield tag="245" ind1=" " ind2=" ">
    <subfield code="a">&#x926; &#x928;&#x902;&#x92C;&#x930; &#x935;&#x928; &#x932;&#x947;&#x921;&#x93F;&#x91C; &#x921;&#x93F;&#x91F;&#x947;&#x915;&#x94D;&#x91F;&#x93F;&#x935;&#x94D;&#x939; &#x90F;&#x91C;&#x928;&#x94D;&#x938;&#x940;(The No.1 Ladies Detective Agency).</subfield>
  </datafield>
  <datafield tag="260" ind1=" " ind2=" ">
    <subfield code="b">&#x92E;&#x947;&#x939;&#x924;&#x93E; &#x92A;&#x92C;&#x94D;&#x932;&#x93F;&#x936;&#x93F;&#x902;&#x917; &#x939;&#x93E;&#x90A;&#x938;.</subfield>
  </datafield>
  <datafield tag="630" ind1=" " ind2=" ">
    <subfield code="a">&#x926; &#x928;&#x902;&#x92C;&#x930; &#x935;&#x928; &#x932;&#x947;&#x921;&#x93F;&#x91C; &#x921;&#x93F;&#x91F;&#x947;&#x915;&#x94D;&#x91F;&#x93F;&#x935;&#x94D;&#x939; &#x90F;&#x91C;&#x928;&#x94D;&#x938;&#x940;(The No.1 Ladies Detective Agency).</subfield>
  </datafield>
  <datafield tag="730" ind1=" " ind2=" ">
    <subfield code="a">&#x926; &#x928;&#x902;&#x92C;&#x930; &#x935;&#x928; &#x932;&#x947;&#x921;&#x93F;&#x91C; &#x921;&#x93F;&#x91F;&#x947;&#x915;&#x94D;&#x91F;&#x93F;&#x935;&#x94D;&#x939; &#x90F;&#x91C;&#x928;&#x94D;&#x938;&#x940;(The No.1 Ladies Detective Agency).</subfield>
  </datafield>
  <datafield tag="942" ind1=" " ind2=" ">
    <subfield code="c">BOOK</subfield>
  </datafield>
  <datafield tag="999" ind1=" " ind2=" ">
    <subfield code="c">560558</subfield>
    <subfield code="d">560555</subfield>
  </datafield>
  <datafield tag="952" ind1=" " ind2=" ">
    <subfield code="0">0</subfield>
    <subfield code="1">0</subfield>
    <subfield code="4">0</subfield>
    <subfield code="7">0</subfield>
    <subfield code="a">RNV</subfield>
    <subfield code="b">RNV</subfield>
    <subfield code="d">2010-03-28</subfield>
    <subfield code="l">0</subfield>
    <subfield code="p">RNV-74837</subfield>
    <subfield code="r">2010-03-28 00:00:00</subfield>
    <subfield code="w">2010-03-28</subfield>
    <subfield code="y">BOOK</subfield>
  </datafield>
</record>
